Statistics for Pretty Little Liars- Last Names

Click here to take the quiz!

General Stats

  • This quiz has been taken 254 times
  • The average score is 12 of 15

Answer Stats

HintAnswer% Correct
EmilyFields
99%
EzraFitz
99%
SpencerHastings
99%
HannaMarin
99%
AriaMontgomery
96%
CalebRivers
90%
NoelKahn
85%
TobyCavanaugh
84%
JennaMarshall
78%
MaryDrake
77%
WrenKingston
75%
PaigeMcCullers
63%
MonaVanderwall
53%
LucasGottesman
48%
AlisonDilaurentes
7%

Score Distribution

Percentile by Number Answered

Percent of People with Each Score

Your Score History

You have not taken this quiz